000 00493nam a2200181 a 4500
005 20140311163018.0
008 121127s19uu xx 00 eng d
020 _a9781601631640
050 _aQH 307.2
_b.D57 2011
100 _aDistefano, Matthew
245 _aBiology /
_cMatthew Distefano.
260 _aPompton Plains, NJ :
_bCareer Press,
_c2011.
300 _a335 p. :
_bill. ;
_c26 cm.
440 _aHomework helpers
650 _aBiology
942 _cBK
_2lcc
_kFOR
999 _c39446
_d39446